The Simpsons quiz - Statistics

General Stats
  • This quiz has been taken 192 times
  • The average score is 6 of 6
Answer Stats
Question Answer % Correct
What is the simpsons son called Bart
100%
Where does homer work Power plant
92%
What instrument does Lisa play Saxophone
92%
Where does the simpsons live Springfield
92%
Was Grampa Simpson in Military Yes
92%
What is moe’s bar called Moe’s tavern
83%
No matching quizzes found
Score Distribution
Percent of People with Each Score
Percentile by Number Answered
Your Score History
You have not taken this quiz